000 00584nam a2200241 a 4500
001 nice12345678
003 IN_TiNIC
005 20260116012150.0
008 050524s1958 alla grp 000 0 eng
020 _a
_c80
082 0 0 _a954.0357
_bCHA
100 _aChatterji, Nandalal
245 _aIndia`s Freedom Struggle
260 _aAllahabad
_bIndian Press
_c1958
300 _a166p
500 _aincludes index and biblioraphy
505 2 _aindex
650 _aIndia-Freedom Struggle
700 1 _aChatterji, Nandalal
902 _bSRS
942 _cBK
999 _c5906
_d5906